000
00309nam a2200133Ia 4500
008
150201s1997 xx 000 0 und d
082
_a
617.5
_b
O97A
100
_a
ADAMS , GREGG. A.
245
_a
ON CALL SURGERY
260
_b
ELSEVIER
_a
INDIA
_c
1997
300
_a
513
650
_a
SURGERY
942
_2
ddc
_c
BK
_0
1
999
_c
1844
_d
1844